Statistics for Guess The Lyrics #10

Click here to take the quiz!

General Stats

  • This quiz has been taken 322 times
  • The average score is 129 of 256

Answer Stats

Answer % Correct
I
98%
a
96%
a...
96%
The
93%
the
93%
and
78%
And
78%
On
77%
me
77%
To
76%
to
76%
it
71%
that
70%
That
70%
in
69%
have
66%
My
64%
my
64%
will
62%
know
62%
one
61%
of
60%
Of
60%
where
59%
there
59%
Where
59%
only
58%
ever
57%
this
51%
it's
48%
I'm
47%
But
46%
then
46%
Don't
46%
road
41%
up
40%
down
39%
walk
39%
goes
37%
lonely
36%
known
36%
out
35%
alone...
35%
alone
35%
thing
34%
Dreams
32%
Broken
31%
Boulevard
30%
wish
29%
someone
29%
street
29%
find
27%
that's
26%
home
25%
shadow's
24%
empty
23%
heart's
23%
beside
23%
walks
21%
line
21%
city
21%
mind
21%
still
19%
sleeps
19%
beating
18%
Sometimes
18%
shallow
17%
'Til
17%
aaah-ah
16%
aaaah-ah
16%
ah-ah
16%
somewhere
16%
walking
14%
f***ed
14%
alive
14%
edge
13%
vital
13%
what's
13%
signs
13%
alright
12%
Check
12%
Read
11%
everything's
11%
border
11%
between
11%
lines
10%
divides
9%

Score Distribution

Percentile by Number Answered

Percent of People with Each Score

Your Score History

You have not taken this quiz